000 00659nam a22001937a 4500
003 BUBTL
008 220412b ||||| |||| 00| 0 eng d
082 _a340.59/ H211i/ 2009
100 _92101
_aHaque, Muhammad Ekramul
245 _aIslamic law of Inheritance:
_bRules and Calculations /
_cMuhammad Ekramul Haque
250 _a1st Edn.
260 _aDhaka:
_bLondon College of Legal Studies(South),
_cc2009
300 _a272 p.:
_c22 cm.
505 _aIslamic law of Inheritance: Rules and Calculations, Muhammad Ekramul Haque
650 0 _926
_aLaw
856 _k0
_l0
_yDownload
942 _2ddc
_cBK
999 _c6684
_d6684